| 000 | 00926ntm a22002417a 4500 | ||
|---|---|---|---|
| 005 | 20170813154209.0 | ||
| 008 | 170802s2015 xx a frb 000 0 eng d | ||
| 040 |
_aEG-ScBUE _beng _cEG-ScBUE |
||
| 082 | 0 | 4 |
_222 _a624 _bABA |
| 100 | 1 | _aAbaza, Mohamed Essam El-Din Ahmed. | |
| 245 | 1 | 0 |
_aMeasurement and management of labors performance in construction industry in Egypt (mountain view hyde park) / _bMohamed Essam El-Din Ahmed Abaza. |
| 260 | _c2015. | ||
| 300 |
_a52 p. : _bill. (col.) ; _c28 cm. |
||
| 500 | _aA disign project submitted to the faculty of engineering, the british university in egypt, in partail fulfillment of the requirements for the bachelor degree in civil engineering | ||
| 590 | _anagwa | ||
| 650 | 7 |
_2BUEsh _aCivil Engineering _vProjects |
|
| 653 |
_bENGCIV _cAugust2017 |
||
| 655 | _vSPRO | ||
| 700 | 1 |
_aMorcos, Maged S. _eths |
|
| 700 | 1 |
_aBeblawy, Ali _eths |
|
| 777 | _ASPRO | ||
| 942 | _2ddc | ||
| 999 |
_c25152 _d25124 |
||